LEADER 01416nam a2200289 i 4500 001 000000096669 003 CaOOAMICUS 005 20041118000000.0 008 041118s1996 it u000 u ita u 013 $a68911 020 $a88-424-9418-6 040 $aSeMil$bita 100 1 $aKant, Immanuel,$d<1724-1804>.$0(OLS)http://semarc/name/2543 245 13$aLa verità e la menzogna :$bdialogo sulla fondazione morale della politica /$cImmanuel Kant ; Benjamin Constant ; introduzione e cura di Andrea Tagliapietra ; traduzione di Silvia Manzoni ed Elisa Tetamo. 260 $aMilano :$bBruno Mondadori,$c1996. 300 $aVI, 352 p. ;$c17 cm. 650 4$aPolitica e morale.$0(OLS)http://semarc/subject/5052 700 1 $aConstant, Benjamin,$d<1767-1830>.$0(OLS)http://semarc/name/9003 700 1 $aTetamo, Elisa.$0(OLS)http://semarc/name/36576 700 1 $aManzoni, Silvia.$0(OLS)http://semarc/name/36575 700 1 $aTagliapietra, Andrea,$d<1962- >.$0(OLS)http://semarc/name/15307 850 $aSeMil 852 $aSeMil$W1$xVenegono$y1$m169 6 1 *$j56183$B56183$CSeMilBibl$Z2$F64270 $81 961 $aAcquisto: Àncora (Libreria) 996 $6020$a88-424-9418-6$9(OLS)http://semarc/number/53705 996 $6245$aLa verità e la menzogna :$bdialogo sulla fondazione morale della politica$9(OLS)http://semarc/title/119497 996 $6260$aMilano :$bBruno Mondadori$9(OLS)http://semarc/publisher/31202 LEADER 01351nam a2200313 i 4500 001 000000145194 003 CaOOAMICUS 005 20051118000000.0 008 051118s1982 it u000 u ita u 013 $a120586 020 $a88-85026-45-1 040 $aSeMil$bita 100 1 $aMeyer, Conrad Ferdinand.$0(OLS)http://semarc/name/57929 240 14$aDas Heilige :$büber das Irrationale in der Idee des Göttlichen und sein Verhältnis zum Rationalen.$0(OLS)http://semarc/title/212373 245 13$aIl santo /$cConrad Ferdinand Meyer ; traduzione e note a cura di Gisela Martorelli ; introduzione di Luciano Zagari. 260 $aRoma :$bSalerno,$cstampa 1982. 300 $a195 p. ;$c21 cm. 490 0 $aOmikron ;$v14 500 $aContiene : Bibliografia essenziale. - Fondo Ciprandi. 700 1 $aZagari, Luciano.$0(OLS)http://semarc/name/57930 700 1 $aMartorelli, Gisela.$0(OLS)http://semarc/name/16204 830 0$aOmikron ;$v14.$0(OLS)http://semarc/title/19561 850 $aSeMil 852 $aSeMil$W1$xVenegono$y1$m1W I 188$j98012$B98012$CSeMilBibl$Z2$F105902 $81 941 1 $a1 961 $aOmaggio: Ciprandi dott. Paolo 996 $6020$a88-85026-45-1$9(OLS)http://semarc/number/133624 996 $6245$aIl santo$9(OLS)http://semarc/title/94697 996 $6260$aRoma :$bSalerno$9(OLS)http://semarc/publisher/30165